Zambia country report: analysis of economic and political trends every quarter (Record no. 83383)

MARC details
000 -LEADER
fixed length control field 01785nam a2200265 a 4500
008 - FIXED-LENGTH DATA ELEMENTS--GENERAL INFORMATION
fixed length control field 100212s1990 ||||||||||||||||| || u
050 ## - LIBRARY OF CONGRESS CALL NUMBER
Classification number EIU(08)
110 ## - MAIN ENTRY--CORPORATE NAME
Corporate name or jurisdiction name as entry element The Economist Intelligence Unit(EIU)
245 10 - TITLE STATEMENT
Title Zambia country report: analysis of economic and political trends every quarter
260 ## - PUBLICATION, DISTRIBUTION, ETC.
Place of publication, distribution, etc. London:
Name of publisher, distributor, etc. EIU
Date of publication, distribution, etc. 1990-
300 ## - PHYSICAL DESCRIPTION
Extent vols.
350 ## -
-- 0.00
490 ## -
-- Zambia Country Report
500 ## - GENERAL NOTE
General note Holdings: no.1, 1990; no.3, 1990; no.4, 1990; no.2, 1991; no.4, 1991; no.2, 1992; no.3, 1992
650 ## - SUBJECT ADDED ENTRY--TOPICAL TERM
Topical term or geographic name entry element POLITICAL ANALYSIS
650 #0 - SUBJECT ADDED ENTRY--TOPICAL TERM
Topical term or geographic name entry element ECONOMICS
650 ## - SUBJECT ADDED ENTRY--TOPICAL TERM
Topical term or geographic name entry element ECONOMIC ANALYSIS--DEVELOPING COUNTRIES
995 ## -
-- SPECIAL COLLECTIONS
-- 0.00
-- 03005889
-- CBU-MAIN LIBRARY (Kitwe)
-- 1
-- 0.00
-- EIU(08)ZCP/1990/1
-- 1
-- AVAILABLE
-- Feb 12, 2010
-- Z03005889
-- Zambiana Collection
995 ## -
-- SPECIAL COLLECTIONS
-- 0.00
-- 03005890
-- CBU-MAIN LIBRARY (Kitwe)
-- 1
-- 0.00
-- EIU(08)ZCP/1990/3
-- 2
-- AVAILABLE
-- Feb 12, 2010
-- Z03005890
-- Zambiana Collection
995 ## -
-- SPECIAL COLLECTIONS
-- 0.00
-- 03005893
-- CBU-MAIN LIBRARY (Kitwe)
-- 1
-- 0.00
-- EIU(08)ZCP/1992/2
-- 5
-- AVAILABLE
-- Feb 12, 2010
-- Z03005893
-- Zambiana Collection
995 ## -
-- SPECIAL COLLECTIONS
-- 0.00
-- 03005895
-- CBU-MAIN LIBRARY (Kitwe)
-- 1
-- 0.00
-- EIU(08)ZCP/1991/4
-- 7
-- AVAILABLE
-- Feb 12, 2010
-- Z03005895
-- Zambiana Collection
995 ## -
-- SPECIAL COLLECTIONS
-- 0.00
-- 03005892
-- CBU-MAIN LIBRARY (Kitwe)
-- 1
-- 0.00
-- EIU(08)ZCP/1991/2
-- 4
-- AVAILABLE
-- Feb 12, 2010
-- Z03005892
-- Zambiana Collection
995 ## -
-- SPECIAL COLLECTIONS
-- 0.00
-- 03005894
-- CBU-MAIN LIBRARY (Kitwe)
-- 1
-- 0.00
-- EIU(08)ZCP/1992/3
-- 6
-- AVAILABLE
-- Feb 12, 2010
-- Z03005894
-- Zambiana Collection
995 ## -
-- SPECIAL COLLECTIONS
-- 0.00
-- 03005891
-- CBU-MAIN LIBRARY (Kitwe)
-- 1
-- 0.00
-- EIU(08)ZCP/1990/4
-- 3
-- AVAILABLE
-- Feb 12, 2010
-- Z03005891
-- Zambiana Collection
999 ## -
-- 83383
-- 83383
Holdings
Withdrawn status Lost status Source of classification or shelving scheme Damaged status Not for loan Permanent Location Current Location Shelving location Date acquired Total Checkouts Full call number Barcode Date last seen Copy number Price effective from Koha item type
          CBU-MAIN LIBRARY, KITWE. CBU-MAIN LIBRARY, KITWE.   10/30/2023   EIU(08)ZCP/1990/1 Z03005889 10/30/2023 1 10/30/2023 SPECIAL COLLECTION
          CBU-MAIN LIBRARY, KITWE. CBU-MAIN LIBRARY, KITWE.   10/30/2023   EIU(08)ZCP/1990/3 Z03005890 10/30/2023 2 10/30/2023 SPECIAL COLLECTION
          CBU-MAIN LIBRARY, KITWE. CBU-MAIN LIBRARY, KITWE.   10/30/2023   EIU(08)ZCP/1992/2 Z03005893 10/30/2023 3 10/30/2023 SPECIAL COLLECTION
          CBU-MAIN LIBRARY, KITWE. CBU-MAIN LIBRARY, KITWE.   10/30/2023   EIU(08)ZCP/1991/4 Z03005895 10/30/2023 4 10/30/2023 SPECIAL COLLECTION
          CBU-MAIN LIBRARY, KITWE. CBU-MAIN LIBRARY, KITWE.   10/30/2023   EIU(08)ZCP/1991/2 Z03005892 10/30/2023 5 10/30/2023 SPECIAL COLLECTION
          CBU-MAIN LIBRARY, KITWE. CBU-MAIN LIBRARY, KITWE.   10/30/2023   EIU(08)ZCP/1992/3 Z03005894 10/30/2023 6 10/30/2023 SPECIAL COLLECTION
          CBU-MAIN LIBRARY, KITWE. CBU-MAIN LIBRARY, KITWE.   10/30/2023   EIU(08)ZCP/1990/4 Z03005891 10/30/2023 7 10/30/2023 SPECIAL COLLECTION